01256nam a22002897a 450000500170000001000260001702000260004302000270006903500140009603500140011003700130012408200110013710000230014824501050017126000440027627001100032030000250043030000250045550000410048070000410052170000380056270000450060094200280064599900190067395201330069295201410082520231219115802.0 aENG-125797 ENG-138605 a9789386725912c250.00 a9789389740264c1195.00 aEN-109329 aEN-122137 bDBAD/PUB a510.71 aRamaiah, K.959935 aUnderstanding mathematics and early mathematics education at primary level/cBy K. Ramaiah...[et.al] aHyderabadbNeelkamal Publicationsc2018 a4764/1, 23 Ansari RoadbDaryaganj, New Delhie110002k011-23244237, 9811828953mneelkamalbooks@gmail.com axii,284p.c24cm(pbk) axii,289p.c24cm(hbk) aIncludes bibliographical references  aSreedharacharyulu, K.eAuthor959932 aPriyadarsini, J.R.eEditor959933 aDharmendra Singh, Sardar eAuthor959934 2ddccENh510.71mRAMe1 c165707d165707 001040708NFICaBNbBNd2019-06-27eDBAD/PUBg250.00l1o510.71 RAMpEN-109329r2024-09-18 00:00:00s2024-08-29t1v250.00yEN 001040708NFICaLbLd2023-12-19eDBADg1195.00l2o510.71 RAMpEN-122137r2025-06-05 00:00:00s2025-05-05t1v1195.00w2023-12-19yEN